| 000 | 00530nam a2200169 i 4500 | ||
|---|---|---|---|
| 001 | 31969 | ||
| 003 | ES-MaACL | ||
| 005 | 20230906154501.0 | ||
| 007 | t| | ||
| 008 | 030130s1965 sp ||||1| spa d | ||
| 100 | 1 |
_aBernardini Sjoestdet, Armand. _928284 |
|
| 245 | 1 | 0 |
_aCristóbal Colón / _cArmand Bernardini-Sjoestedt ; [lo tradujo al español Nicanor Castillo]. |
| 260 |
_aMadrid : _bCastilla, _c[1965] |
||
| 300 |
_a268 p., 4 lám. ; _c21 cm. |
||
| 700 | 1 |
_aCastillo, Nicanor. _936709 |
|
| 852 |
_aES-MaACL _jC-27664 _bR.56598 |
||
| 999 |
_c31969 _d31969 |
||